| 000 | 00461nam a2200169Ia 4500 | ||
|---|---|---|---|
| 003 | GCL | ||
| 008 | 140319s9999 xx 000 0 ara d | ||
| 040 |
_aGCL / _cGCL |
||
| 082 | 0 | 4 |
_a214.6 _bا ا |
| 100 | 1 | _aاحمد عبدالرحمن | |
| 245 | 1 | 0 |
_aالاسلام والعولمة / _cاحمد عبدالرحمن |
| 300 |
_a176 ص ؛ _c24 سم |
||
| 490 | _a | ||
| 650 | 0 | 4 | _aالعولمة |
| 650 | 0 | 4 | _aالاسلام - العولمة |
| 942 |
_2ddc _cBK |
||
| 999 |
_c52299 _d52299 |
||